000 00696nam a2200205 i 4500
001 187082
003 SpMaBN
005 20230906222819.0
008 170411s1990 sp |||| | spa d
020 _a84-7719-202-2
080 _a821.133.1 Scarron, Paul 1.07
100 1 _aRuiz Álvarez, Rafael.
_9162338
245 1 4 _aLas comedias de Paul Scarron y sus modelos españoles /
_cRafael Ruiz Álvarez.
260 _aLeón :
_bUniversidad, Secretariado de Publicaciones,
_c[1990]
300 _a231 p. ;
_c21 cm.
504 _aBibliografía : p. 19-31.
600 1 4 _aScarron, Paul-
_xCrítica e interpretación.
_9162339
710 2 _aUniversidad de León.
_97200
852 _aES-MaACL
_jL-31403
999 _c187082
_d187082